Normal view
MARC view
- Balgrami,Dr. Syed Hamid Hassan
Entry Personal Name
001 - CONTROL NUMBER
- control field: 7642
003 - CONTROL NUMBER IDENTIFIER
- control field: NUST
005 - DATE AND TIME OF LATEST TRANSACTION
- control field: 20171227104109.0
008 - FIXED-LENGTH DATA ELEMENTS
- fixed length control field: 171227|| aca||aabn | a|a d
040 ## - CATALOGING SOURCE
- Original cataloging agency: NUST
- Transcribing agency: NUST
100 ## - HEADING--PERSONAL NAME
- Personal name: Balgrami,Dr. Syed Hamid Hassan
670 ## - SOURCE DATA FOUND
- Source citation: Work cat.: (NUST): Balgrami,Dr. Syed Hamid Hassan, Fayuz-ul-Quran ; Vol-2 فیوض القرآن - , 1989.
